MMA's Hard Hitters - Statistics

General Stats
  • This quiz has been taken 9 times
  • The average score is 19 of 91
Answer Stats
Hint Answer % Correct
Poaton Alex Pereira
75%
Spider Anderson Silva
75%
Bigfoot Antonio Silva
75%
Notorious Conor McGregor
75%
Last Stylebender Israel Adesanya
75%
Rampage Quinton Jackson
75%
Axe Murderer Wanderlei Silva
75%
Rumble Anthony Johnson
63%
Iceman Chuck Liddell
63%
No Love Cody Garbrandt
63%
Hendo Dan Henderson
63%
Tank David Abbott
50%
Black Beast Derrick Lewis
50%
Diamond Dustin Poirier
50%
Super Samoan Mark Hunt
50%
Ruthless Robbie Lawler
50%
Suga Sean O Malley
50%
Drago Alexander Volkov
38%
Predator Francis Ngannou
38%
Cigano Junior Dos Santos
38%
Kimbo Kimbo Slice
38%
Dragon Lyoto Machida
38%
Shogun Mauricio Rua
38%
Big Country Roy Nelson
38%
Bam Bam Tai Tuivasa
38%
Mauler Alexander Gustafsson
25%
El Matador Ilia Topuria
25%
Highlight Justin Gaethje
25%
Tybur Marcin Tybura
25%
No Mercy Petr Yan
25%
Jacare Ronaldo Souza
25%
Marreta Thiago Santos
25%
The Demolition Man Alistair Overeem
13%
Lioness Amanda Nunes
13%
Big Ben Ben Rothwell
13%
The Truth Brandon Vera
13%
Natural Born Killer Carlos Condit
13%
The Nightmare Carlos Prates
13%
Cyborg Chris Cyborg
13%
Bon Gamin Ciryl Gane
13%
The Outlaw Dan Hardy
13%
Prince Of War Greg Hardy
13%
Bigi Boy Jairzinho Rozenstruik
13%
Killa Gorilla Jared Cannonier
13%
Big Rig Johny Hendricks
13%
Kos Josh Koscheck
13%
Rocky Leon Edwards
13%
Immortal Matt Brown
13%
The Count Michael Bisping
13%
Iron Michael Chandler
13%
Cro Cop Mirko Filipovic
13%
Ace Rich Franklin
13%
Lieutenant Dan TJ Dillashaw
13%
Hapa Travis Browne
13%
Phenom Vitor Belfort
13%
Soldier Of God Yoel Romero
13%
Pitbull Andrei Arlovski
0%
El Guapo Bas Rutten
0%
Pitbull Bethe Correia
0%
Cardio Cain Velasquez
0%
N/A Cheick Kongo
0%
The Crippler Chris Leben
0%
God Of War Deiveson Figueiredo
0%
N/A Derek Brunson
0%
The Predator Don Frye
0%
Junior Edson Barboza
0%
Napao Gabriel Gonzaga
0%
Big Daddy Garry Goodridge
0%
Hurricane Gilbert Yvel
0%
N/A Glover Teixeira
0%
Texas Crazy Horse Heath Herring
0%
Showeather Hector Lombard
0%
Assassin Houston Alexander
0%
Ice Cold Igor Vovchanchyn
0%
Champion Joanna Jedrzejczyk
0%
J lau Joe Lauzon
0%
The Magician John Dodson
0%
Dean of Mean Keith Jardine
0%
Meathead Matt Mitrione
0%
The Young Assassin Melvin Guillard
0%
No Mercy Melvin Manhoef
0%
N/A Pat Barry
0%
The Rock Pedro Rizzo
0%
Suave Ricco Rodriguez
0%
Russian Hammer Roman Zenstoff
0%
Paratrooper Sergei Kharitonov
0%
N/A Sergei Pavlovich
0%
Engineer Shane Carwin
0%
Maineiac Tim Sylvia
0%
Honey Badger Tom Aspinal
0%
Magnum Zhang Weili
0%
No matching quizzes found
Score Distribution
Percent of People with Each Score
Percentile by Number Answered
Your Score History
You have not taken this quiz